MARC details
| 000 -LEADER |
| fixed length control field |
00897cab a2200217 4500 |
| 001 - CONTROL NUMBER |
| control field |
ABS44018 |
| 008 - FIXED-LENGTH DATA ELEMENTS--GENERAL INFORMATION |
| fixed length control field |
090401t1991 xxu||||| |||| 00| 0 eng d |
| 035 ## - SYSTEM CONTROL NUMBER |
| System control number |
(Sirsi) u44815 |
| 041 ## - LANGUAGE CODE |
| Language code of text/sound track or separate title |
eng |
| 245 ## - TITLE STATEMENT |
| Title |
Focus: CPD |
| 260 ## - PUBLICATION, DISTRIBUTION, ETC. |
| Date of publication, distribution, etc. |
1991 |
| 350 ## - PRICE (NR) (BK AM CF MU VM SE) [OBSOLETE] |
| Price |
0 |
| 490 ## - SERIES STATEMENT |
| Series statement |
Chartered Quantity Surveyor |
| Volume/sequential designation |
13(5) January 1991, 17-21(4) |
| 520 ## - SUMMARY, ETC. |
| Summary, etc. |
This feature on continuing professional development for quantity surveyors , identifies the events and activities which qualify for CPD , examines the wide range of topics available for study and the different methods of learning which will satisfy requirements and provides guidance on setting up a CPD group. Also reviews the attitude of QS practices towards CPD. |
| 650 ## - SUBJECT ADDED ENTRY--TOPICAL TERM |
| Topical term or geographic name entry element |
ABOUT RICS-RICS MEMBERS |
| 650 ## - SUBJECT ADDED ENTRY--TOPICAL TERM |
| Topical term or geographic name entry element |
CAREERS, EDUCATION AND TRAINING |
| 650 ## - SUBJECT ADDED ENTRY--TOPICAL TERM |
| Topical term or geographic name entry element |
RICS |
| 690 ## - LOCAL SUBJECT ADDED ENTRY--TOPICAL TERM (OCLC, RLIN) |
| Topical term or geographic name as entry element |
Quantity surveying |
| 9 (RLIN) |
6263 |
| 942 ## - ADDED ENTRY ELEMENTS (KOHA) |
| Suppress in OPAC |
0 |
| 948 ## - LOCAL PROCESSING INFORMATION (OCLC); SERIES PART DESIGNATOR (RLIN) |
| c (OCLC) |
04/03/1997 |